| 000 | 00815nam a2200181Ia 4500 | ||
|---|---|---|---|
| 008 | 151202s9999||||xx |||||||||||||| ||und|| | ||
| 082 | _bPNVM-46697 | ||
| 100 | _aकुलकर्णी व. दी. | ||
| 245 | _aमराठी वाङ्मयाचा इतिहास-खं-6- भा.2(1920 ते 1950). | ||
| 260 | _b"महाराष्ट्र साहित्य परिषद,पुणे." | ||
| 260 | _c1982 | ||
| 300 | _a704 | ||
| 600 | _aकुलकर्णी व. दी. | ||
| 630 | _aमराठी वाङ्मयाचा इतिहास-खं-6- भा.2(1920 ते 1950). | ||
| 700 | _aकुलकर्णी व. दी. | ||
| 730 | _aमराठी वाङ्मयाचा इतिहास-खं-6- भा.2(1920 ते 1950). | ||
| 942 | _cBOOK | ||
| 999 |
_c1312647 _d1312644 |
||